000 00246nam a2200109Ia 4500
008 190216s9999||||xx |||||||||||||| ||und||
100 _aV K N
245 0 _aSindikket
260 _bMathrubhumi Printing &publishing
650 _aNovel
942 _cBK
999 _c26099
_d26099